000 01027nam a22002297a 4500
999 _c22025
_d22025
003 AR-CdUCM
008 190425b ||||| |||| 00| 0 spa d
040 _aMUNICIPALIDAD PROVINCIAL DEL CUSCO
_cBIBLIOTECA MUNICIPAL DEL CUSCO
082 _aKosko/N°71/1934
245 _aKosko revista libre /
_cLuis Felipe Paredes. Director. Roberto Latorre. Fundador y propietario
260 _aCusco.
_bTalleres tipográficos trabajo,
_c1934.
300 _a12 páginas. :
_c26 cm.
440 _aKosko revista libre.
_nAño III, N°71, 30 de setiembre de1934.
_947189
505 _aContenido: Guía profesional. -- El proceso electoral. -- Manos desocupadas. -- La sociedad del porvenir. -- Peregrinación a Rusia. -- Los condenados. -- Una página. Guía industrial.
650 _aHistorias del Cusco
_947166
650 _aPublicidad cusqueña
_947185
650 _aSiglo XX
_947176
700 _aLa Torre, Roberto
_eFundador y propietario
_947183
700 _aParedes. Luis Felipe
_eDirector
_916077
942 _2ddc
_cPP
945 _avhl